01373nam a2200337 i 4500001001000000003000900010005001700019007000300036008003600039020001800075040003000093041000800123082002400131100004300155245005300198264007200251300002800323336002800351337003500379338003000414490009100444490002500535500007000560500007300630504003900703600003000742651005700772700004000829710005400869830011200923000043274DO-SdBNP20260321073643.0ta140303s 2009 sp 000 0 spa d a9788483470992 aDO-SdBNPbspacBNPHUerda aspa 4a320.97293bB7422221 a Bosch, Juan, d1909-2001eautor4aut.10aJuan Bosch /cedición de Pablo A. Maríñez. aMadrid :bAgencia Española de Cooperación Internacional,c2009. a273 páginas ;c24 cm. atextobtxt2rdacontent  asin mediación bn2rdamedia  avolumen bnc2rdacarrier 1 aAntología del pensamiento político, social y económico de América Latina ;v241 aCiencias y humanismo aIncluye datos biográficos del autor en al solapa de la cubierta aIncluye referencias bibliográficas y notas al pie de las páginas aBibliografía: páginas 263- 27310a Bosch, Juan, d1909-2001 4aRepública DominicanaxPolítica y gobiernoy1961-1 aMaríñez, Pablo A.,eeditor4ed.2 aAgencia Española de Cooperación Internacional 0aAntología del pensamiento político, social y económico de América Latina v24pCiencias y humanismo